| Tag |
First Indicator |
Second Indicator |
Subfields |
| LEADER |
00000cam a2200000 i 4500 |
| 001 |
in00000322321 |
| 005 |
20151010160544.0 |
| 008 |
781026s1977 ne b 00010 eng |
| 010 |
|
|
|a 78315399
|
| 015 |
|
|
|a Ne***
|
| 020 |
|
|
|a 9061961459
|
| 035 |
|
|
|a (OCoLC)03332985
|
| 035 |
|
|
|9 ABJ4650AM
|
| 040 |
|
|
|a DLC
|c DLC
|d TXA
|d UtOrBLW
|
| 049 |
|
|
|a TXAM
|c [1495350]
|
| 050 |
0 |
0 |
|a QA278.7
|b .Z84
|
| 082 |
0 |
|
|a 519.5
|
| 100 |
1 |
|
|a Zuijlen, M. C. A. van.
|
| 245 |
1 |
0 |
|a Empirical distributions and rank statistics /
|c M. C. A. Van Zuijlen.
|
| 264 |
|
1 |
|a Amsterdam :
|b Mathematisch Centrum,
|c 1977.
|
| 300 |
|
|
|a vii, 92 pages ;
|c 24 cm.
|
| 336 |
|
|
|a text
|b txt
|2 rdacontent
|
| 337 |
|
|
|a unmediated
|b n
|2 rdamedia
|
| 338 |
|
|
|a volume
|b nc
|2 rdacarrier
|
| 490 |
1 |
|
|a Mathematical Centre tracts ; 79
|
| 504 |
|
|
|a Bibliography: pages 90-92.
|
| 650 |
|
0 |
|a Order statistics.
|
| 650 |
|
0 |
|a Distribution (Probability theory)
|
| 830 |
|
0 |
|a Mathematical Centre tracts ;
|v 79.
|
| 999 |
|
|
|a MARS
|
| 999 |
f |
f |
|s 00e16ae7-96f2-3833-976b-0ecf0f60da52
|i c3368fa4-51ee-3448-834e-f724d2f7e32e
|t 0
|
| 952 |
f |
f |
|p normal
|a Texas A&M University
|b College Station
|c Sterling C. Evans Library
|d Evans: Library Stacks
|t 0
|e QA278.7 .Z84
|h Library of Congress classification
|i unmediated -- volume
|m A14804508497
|
| 998 |
f |
f |
|a QA278.7 .Z84
|t 0
|l Evans: Library Stacks
|